000 00617nam a22001937a 4500
008 231012b |||||||| |||| 00| 0 eng d
020 _a9780367404604
050 _aLB 2805 .T44 2021
100 _a Theoharis, George
245 _a Leadership for increasingly diverse schools :
_c George, Theoharis
250 _a2nd ed.
260 _aNewyork:
_bRoutledge,
_c2021.
300 _axxiii, 326p. :
_bill. ;
_c18cm
521 _aincludes bibliographical references and index.
650 _aEducational readership
700 _aMartin
700 _aScanlan
942 _2lcc
_cBOOKS
_hLB 2805 .T44 2021
999 _c31869
_d31869